000 00912nam a22002777a 4500
001 BR7311041
003 BR-BrBNA
005 20230928084228.0
007 ta
008 230509b bl.||||| |||| 00| 0 por d
040 _aBR-BrBNA
_bpor
_cBiblioteca Nacional de Agricultura
041 _a(Por)
072 _aE30; L00
_b5213
_b/G514
090 _ 5213 BR7311041
110 1 _aCompanhia de Desenvolvimento do Espirito Santo, Vitoria (Brasil)
_92349
245 1 _aPrograma de desenvolvimento da pecuaria de corte na regiao leste do Brasil - Espirito Santo
260 3 _aVitoria, ES (Brasil):
_c1968.
300 _a99 p.
500 _a(*) Documento disponível no(a) Instituto de Economia Agricola, Sao Paulo, SP (Brazil)
650 _aPROJETO DE DESENVOLVIMENTO
650 _aGADO DE CORTE
650 _aREGIAO LESTE
650 _aESPIRITO SANTO
909 _a202309
_bLucia
_c55
_dLucia Elande
942 _cBK
999 _c17570
_d17570